| 000 | 00426nam a2200181Ia 4500 | ||
|---|---|---|---|
| 008 | 230524s9999 xx 000 0 und d | ||
| 020 | _a8123909802 | ||
| 082 |
_a537 _bLOR |
||
| 100 | _aPaul Lorrain | ||
| 245 | 0 | _aElectromagnetic Fields and Waves | |
| 250 | _a2ND | ||
| 260 |
_aNEW DELHI _bCBS _c2003 |
||
| 300 | _a706 | ||
| 500 | _aQuantity Number: 2 | ||
| 650 | _aElectrical | ||
| 700 | _a Dale R.Corson | ||
| 942 | _cBK | ||
| 999 |
_c8975 _d8975 |
||